Statistics for All 1M Cities Starting with “I” to Country

Click here to take the quiz!

General Stats

  • This quiz has been taken 138 times
  • The average score is 6 of 7

Answer Stats

CityCountry% Correct
IstanbulTurkey
100%
IndianapolisUnited States
100%
IzmirTurkey
93%
IndoreIndia
90%
IsfahanIran
90%
IbadanNigeria
83%
IlorinNigeria
50%

Score Distribution

Percentile by Number Answered

Percent of People with Each Score

Your Score History

You have not taken this quiz